| 000 | 00540aam a2200217 4500 | ||
|---|---|---|---|
| 005 | 20160907145341.0 | ||
| 008 | 150824b xxu||||| |||| 00| 0 spa d | ||
| 041 | _aES | ||
| 082 |
_a621.381.5 _bE24c |
||
| 100 |
_aEdminister, Joseph _919417 |
||
| 245 | _aCircuitos electricos | ||
| 260 | _aMéxico | ||
| 260 | _bMcGraw-Hill | ||
| 260 | _c1993 | ||
| 300 | _a285 páginas | ||
| 650 |
_aELECTRÓNICA _91815 |
||
| 650 |
_aCIRCUITOS _91827 |
||
| 650 |
_aCIRCUITOS ELECTRICOS _91857 |
||
| 650 |
_aPOTENCIA ELÉCTRICA _919418 |
||
| 942 | _cBK | ||
| 999 |
_c659 _d659 |
||